College Quizbowl Stats
College Quizbowl Stats
Circuits
Seasons
Sets
Records
Detailed Stats
About
Loading...
2024 ACF Nationals
Tossups
Bonuses
Players
Teams
Categories (Tossup)
Categories (Bonus)
Kenny Zhang
Virginia A
Categories
Category
Powers
Gets
Negs
BBs
Points
Earliest Buzz
Avg. Buzz
First Buzzes
Top 3 Buzzes
BPA
PVF
Science - Physics
0
2
0
0
20
105
114.00
0
0
1.13
5.39
Science - Biology
0
1
0
1
10
133
133.00
0
0
0.00
0.74
Science - Chemistry
0
1
0
1
10
124
124.00
0
0
0.05
3.92
Science - Other
0
1
1
0
5
125
125.00
0
0
0.85
1.72
Buzzes
Category
Answer
Value
Buzz Position
Science - Other
number of clusters
-5
79
Science - Physics
strain
10
105
Science - Chemistry
charge transfer
0
122
Science - Physics
energy dissipation
10
123
Science - Chemistry
step-growth polymerization
10
124
Science - Physics
exchange interaction
0
125
Science - Other
kernel
10
125
Science - Physics
magnetization
0
130
Science - Other
BQP
0
130
Science - Chemistry
special relativity
0
131
Previous
1
2
Next